000
00209 a2200097 4500
001
45864
100
_a
Hesselberg E
245
_a
Kon Tiki and I
260
_a
London
_b
Allen & Unwin
_c
090
_c
28962
_d
28962
942
_a
NUST-CAE
_c
M
_c
21071
999
_c
280937
_d
280937